00796nam a22002537a 450000500170000001000150001702000260003203500140005803700090007208200130008110000260009424500990012025000060021926000380022527000400026330000200030370000430032370000320036670000290039870000340042770000350046194200270049699900190052320250407154200.0 aENG-144517 c100.00a9788181804600 aEN-128049 bDBAD a372.6521 aVasundhara, D.980427 aD.E/Ed Second Year, Paper-VI Pedagogy of English Language Education/ cD. Vasundhara...[et.al] a1 aHyderabad bTelugu Akademi c2018 aTelugu Akademi bHyderabad e500029 a252p.b24cm(pb) aD. Bala Tripura SundarieAuthor980428 aSandhya RanieAuthor980429 aUsha BalaeAuthor980430 aR. Sai KrishnaeAuthor980431 aTulasi, SridevieAuthor980432 2ddccENmVASh372.6521 c210873d210873